Roghani Putlay / روغنی پتلے (Record no. 534289)
[ view plain ]
| 000 -LEADER | |
|---|---|
| fixed length control field | 00311nam a22001337a 4500 |
| 020 ## - INTERNATIONAL STANDARD BOOK NUMBER | |
| International Standard Book Number | 9695037135 |
| 040 ## - CATALOGING SOURCE | |
| Transcribing agency | MSOHAIL |
| 082 ## - DEWEY DECIMAL CLASSIFICATION NUMBER | |
| Classification number | 891.439301 |
| 100 ## - MAIN ENTRY--PERSONAL NAME | |
| Personal name | Mumtaz Mufti |
| 9 (RLIN) | 370 |
| 245 ## - TITLE STATEMENT | |
| Title | Roghani Putlay / روغنی پتلے |
| 260 ## - PUBLICATION, DISTRIBUTION, ETC. | |
| Place of publication, distribution, etc. | Lahore |
| Name of publisher, distributor, etc. | Al-Faisal |
| Date of publication, distribution, etc. | c2008 |
| 300 ## - PHYSICAL DESCRIPTION | |
| Extent | 224;p |
| 942 ## - ADDED ENTRY ELEMENTS (KOHA) | |
| Source of classification or shelving scheme | |
| Koha item type | Book |
| Withdrawn status | Lost status | Source of classification or shelving scheme | Damaged status | Not for loan | Permanent Location | Current Location | Date acquired | Total Checkouts | Full call number | Barcode | Date last seen | Price effective from | Koha item type |
|---|---|---|---|---|---|---|---|---|---|---|---|---|---|
| School of Civil and Environmental Engineering (SCEE) | School of Civil and Environmental Engineering (SCEE) | 02/11/2020 | 891.439301 | NIT-9722 | 02/11/2020 | 02/11/2020 | Book | ||||||
| School of Civil and Environmental Engineering (SCEE) | School of Civil and Environmental Engineering (SCEE) | 02/11/2020 | 891.439301 | NIT-9725 | 02/11/2020 | 02/11/2020 | Book |
